00777 2200253 4500001002100000005001700021008004100038035002500079040001200104082000800116084001600124090001600140245014400156260002800300300003900328500004900367650001700416700001800433700001900451700001300470700001700483700001100500850001200511INLIS00000000000254220150310085043.0  a0010-031500000000068 aYOPDYOG a027 aCoE 027 Oas aCoE 027 Oas aOASIS : Istana Rumbiya [rekaman video]c/ penanggung jawab Elman Saragih ; editor, Syofie Velveta, Tuyung ; produser Hadi Winarto, Hariyadi aJakartabMetro TVc2009 aDVDb: digital, stereoc; 4 3/4 in aProgram Metro TV ; tanggal tayang 18/06/2009 aPerpustakaan aElman Saragih aSyofie Velveta aHariyadi aHadi Winarto aTuyung aYOPDYOG